Carrière de joueur #3 - Statistiques

Statistiques générales
  • Ce quiz a été pris 350 fois
  • Le résultat moyen est 3 sur 6
Statistiques - réponses
Club 1 Club 2 Club 3 Club 4 Réponse % Correct
OL Arsenal OL X Lacazette
97%
Bayern Munich Dortmund Bayern Munich Dortmund Hummels
83%
Osasuna OM Chelsea Atletico Madrid Azpilicueta
44%
Toulouse Bordeaux Middlesbrough Barcelone Braithwaite
37%
Monaco OM AC. Milan FC. Séville Ocampos
31%
Leverkusen Naples OM Juventus Milik
30%
Aucun quiz correspondant
Distribution des résultats
% des personnes avec chaque résultat
Percentile par nombre de réponses
Votre historique - résultats
Vous n’avez pas pris ce quiz